000 nam a22 7a 4500
999 _c8015
_d8015
008 171121b xxu||||| |||| 00| 0 eng d
100 _aThomas.B.P.
_94469
245 _aThe Little Mermaid
260 _bLady bird
_c1993